Bí quyết làm bài thi hiệu quả

Tài liệu chia sẻ những phương pháp, kỹ thuật giúp cho học sinh cấp phổ thông có thể nắm được những phương pháp học có khoa học để không những tiếp thu hết chương trình các môn học ở môi trường học phổ thông....

Ful tanımlama

Kaydedildi:
Detaylı Bibliyografya
Yazar: Quang Ngọc
Materyal Türü: Kitap
Dil:Undetermined
Baskı/Yayın Bilgisi: Hà Nội Thanh Niên 2008
Konular:
Etiketler: Etiketle
Etiket eklenmemiş, İlk siz ekleyin!
Thư viện lưu trữ: Trung tâm Học liệu Trường Đại học Cần Thơ
LEADER 00921nam a2200205Ia 4500
001 CTU_159304
008 210402s9999 xx 000 0 und d
020 |c 21000 
082 |a 371.26 
082 |b Ng419 
100 |a Quang Ngọc 
245 0 |a Bí quyết làm bài thi hiệu quả 
245 0 |c Quang Ngọc 
260 |a Hà Nội 
260 |b Thanh Niên 
260 |c 2008 
520 |a Tài liệu chia sẻ những phương pháp, kỹ thuật giúp cho học sinh cấp phổ thông có thể nắm được những phương pháp học có khoa học để không những tiếp thu hết chương trình các môn học ở môi trường học phổ thông. 
650 |a Study methods,Examination skills,Phuơng pháp học,Kỹ năng làm bài thi 
904 |i mtbhai80 
980 |a Trung tâm Học liệu Trường Đại học Cần Thơ